Joseph and the amazing technicolor dreamcoat ... Read More
Available copies
- 3 of 3 copies available at LARL/NWRL Consortium.
Current holds
0 current holds with 3 total copies.
Show Only Available Copies
| Location | Call Number / Copy Notes | Barcode | Shelving Location | Status | Due Date |
|---|---|---|---|---|---|
| Hallock Public Library | DVD j JOS (Text) | 35500004579650 | Main | Available | - |
| Karlstad LINK Site | DVD j JOS (Text) | 35500004817829 | Main | Available | - |
| Roseau Public Library | DVD j JOS (Text) | 35500005549702 | Main | Available | - |
Record details
- ISBN: 0783240287
- Physical Description: 1 videodisc (78 min.) : sd., col. ; 4 3/4 in.
- Publisher: Universal City, CA : Universal Studios, 2000.
Content descriptions
| Creation/Production Credits Note: | Directors, David Mallet & Steven Pimlott ; ... Read More |
| Participant or Performer Note: | Donny Osmond, Maria Friedman, Richard ... Read More |
| Summary, etc.: | A lively and colorful journey through ancient ... Read More |
| Target Audience Note: | Not rated. |
| System Details Note: | DVD, widescreen, Dolby digital and DTS audio ... Read More |
| Language Note: | Closed-captioned; optional French subtitles. |
Search for related items by subject
| Subject: | Joseph (Son of Jacob) > Drama. |
| Genre: | Musicals. |
| LDR | 02307cgm a2200469Ia 4500 | ||
|---|---|---|---|
| 001 | 63163 | ||
| 003 | LARL_NWRL_CONSORTIUM | ||
| 005 | 20051102090714.0 | ||
| 007 | vd cvaizq | ||
| 008 | 000407s2000 cau078 vleng d | ||
| 020 | . | ‡a0783240287 | |
| 024 | 1 | . | ‡a025192071423 |
| 028 | 4 | 1. | ‡a20714 ‡bUniversal Studios |
| 035 | . | ‡a(OCoLC)43800750 | |
| 037 | . | ‡bMidwest Tape ‡nhttp://www.midwesttapes.com | |
| 040 | . | ‡aOMI ‡cOMI ‡dUV$ ‡dOCLCQ ‡dDIV ‡dTEF ‡dOCLCQ | |
| 082 | 0 | 4. | ‡a782.14 ‡221 |
| 245 | 0 | 0. | ‡aJoseph and the amazing technicolor dreamcoat ‡h[DVD/videorecording] / ‡cJacob & Sons Ltd. |
| 260 | . | ‡aUniversal City, CA : ‡bUniversal Studios, ‡c2000. | |
| 300 | . | ‡a1 videodisc (78 min.) : ‡bsd., col. ; ‡c4 3/4 in. | |
| 538 | . | ‡aDVD, widescreen, Dolby digital and DTS audio tracks. | |
| 546 | . | ‡aClosed-captioned; optional French subtitles. | |
| 508 | . | ‡aDirectors, David Mallet & Steven Pimlott ; producer, Andrew Lloyd Webber ; libretto, Tim Rice ; music, Andrew Lloyd Webber. | |
| 511 | 1 | . | ‡aDonny Osmond, Maria Friedman, Richard Attenborough, Joan Collins. |
| 521 | . | ‡aNot rated. | |
| 520 | . | ‡aA lively and colorful journey through ancient Egypt, Joseph and the amazing Technicolor dreamcoat follows the rags-to-riches story of Joseph, his eleven brothers and the coat of many colors. | |
| 600 | 0 | 0. | ‡aJoseph ‡c(Son of Jacob) ‡vDrama. |
| 655 | 0. | ‡aMusicals. | |
| 700 | 1 | . | ‡aOsmond, Donny. ‡0(LARL_NWRL_CONSORTIUM)51094 |
| 700 | 1 | . | ‡aFriedman, Maria. ‡0(LARL_NWRL_CONSORTIUM)143960 |
| 700 | 1 | . | ‡aAttenborough, Richard. ‡0(LARL_NWRL_CONSORTIUM)73308 |
| 700 | 1 | . | ‡aCollins, Joan, ‡d1933- ‡0(LARL_NWRL_CONSORTIUM)53990 |
| 700 | 1 | . | ‡aLloyd Webber, Andrew, ‡d1948- ‡0(LARL_NWRL_CONSORTIUM)70308 |
| 700 | 1 | . | ‡aRice, Tim, ‡d1944- ‡0(LARL_NWRL_CONSORTIUM)69419 |
| 901 | . | ‡a63163 ‡bOCLC ‡c63163 ‡tbiblio | |

Add to basket
Permalink
Enable Highlighting